000 01118nam0a22002771 4500
001 rc\415119
005 20250621075757.0
035 _a(NLR Aleph) 005662879
090 _a6891846
_c6891846
100 _a20030616d1988 |||y0rusy50 ca
101 0 _arus
102 _aRU
105 _ay |||||||||
200 1 _aТридцатилетняя женщина
_e[Сборник]
_fОноре де Бальзак
210 _aБаку
_cМаариф
_d1988
215 _a220, [2] с.
_d21
327 1 _aСодерж.: Тридцатилетняя женщина; Тайна княгини де Кадиньян; Принц богемы
464 0 _12001#$aТридцатилетняя женщина
_tТридцатилетняя женщина
464 0 _12001#$aТайна княгини де Кадиньян
_tТайна княгини де Кадиньян
464 0 _12001#$aПринц богемы
_tПринц богемы
700 1 _aБальзак
_bО. де
_f1799-1850
_gОноре де
801 0 _aRU
_bNLR
_gpsbo
801 1 _aRU
_bELAR
_2rusmarc
852 _aNLR
_j88-5/3449
942 _cBOOK
980 _aNB